<?xml version="1.0" encoding="UTF-8"?><marc:collection xmlns:marc="http://www.loc.gov/MARC21/slim">
  <marc:record>
    <marc:leader>00000nam##2200000za#4500</marc:leader>
    <marc:controlfield tag="001">9.608625</marc:controlfield>
    <marc:controlfield tag="003">CaOODSP</marc:controlfield>
    <marc:controlfield tag="005">20220111083332</marc:controlfield>
    <marc:controlfield tag="007">ta</marc:controlfield>
    <marc:controlfield tag="008">150406|1992||||xxc|||||     f|0| 0 eng|d</marc:controlfield>
    <marc:datafield tag="020" ind1=" " ind2=" ">
      <marc:subfield code="a">0-662-20057-8</marc:subfield>
    </marc:datafield>
    <marc:datafield tag="022" ind1=" " ind2=" ">
      <marc:subfield code="a">1713-0638</marc:subfield>
    </marc:datafield>
    <marc:datafield tag="040" ind1=" " ind2=" ">
      <marc:subfield code="a">CaOODSP</marc:subfield>
      <marc:subfield code="b">eng</marc:subfield>
    </marc:datafield>
    <marc:datafield tag="043" ind1=" " ind2=" ">
      <marc:subfield code="a">n-cn---</marc:subfield>
    </marc:datafield>
    <marc:datafield tag="086" ind1="1" ind2=" ">
      <marc:subfield code="a">NE22-1/1992-7-2E</marc:subfield>
    </marc:datafield>
    <marc:datafield tag="110" ind1="1" ind2=" ">
      <marc:subfield code="a">Canada. </marc:subfield>
      <marc:subfield code="b">National Energy Board.</marc:subfield>
    </marc:datafield>
    <marc:datafield tag="245" ind1="1" ind2="0">
      <marc:subfield code="a">Application pursuant to Part I of the National Energy Board Act for the transfer of a licence to export natural gas </marc:subfield>
    </marc:datafield>
    <marc:datafield tag="260" ind1=" " ind2=" ">
      <marc:subfield code="a">Calgary - Alberta : </marc:subfield>
      <marc:subfield code="b">National Energy Board </marc:subfield>
      <marc:subfield code="c">1992.</marc:subfield>
    </marc:datafield>
    <marc:datafield tag="490" ind1="1" ind2=" ">
      <marc:subfield code="a">Reasons for decision </marc:subfield>
      <marc:subfield code="x">1713-0638</marc:subfield>
    </marc:datafield>
    <marc:datafield tag="690" ind1="0" ind2="7">
      <marc:subfield code="a">Petroleum industry</marc:subfield>
      <marc:subfield code="2">gcpds</marc:subfield>
    </marc:datafield>
    <marc:datafield tag="775" ind1="0" ind2="8">
      <marc:subfield code="t">Demande en vue du transfert d'une licence d'exportation de gaz naturel, déposée aux termes de la partie I de la Loi sur l'Office national de l'énergie </marc:subfield>
      <marc:subfield code="w">(CaOODSP)9.620729</marc:subfield>
    </marc:datafield>
    <marc:datafield tag="776" ind1="0" ind2="#">
      <marc:subfield code="t">Reasons for decision in the matter of AG-Energy L.P., Canadian Hydrocarbons Marketing Inc., Canadian-Montana Pipe Line Company, CanWest Gas Supply Inc., Enserch Development Corporation on behalf of Encogen Northwest L.P., Husky Oil Operations Ltd., Kamine Natural Dam Cogen Co. Inc., Makowski Selkirk Inc. on behalf of Selkirk Cogen Partners II L.P. &amp; ATCOR Ltd., Makowski Selkirk Inc. on behalf of Selkirk Cogen Partners II L.P &amp; Esso Resources Canada, Makowski Selkirk Inc. on behalf of Selkirk Cogen Partners II L.P. &amp; PanCanadian Petroleum Limited, New York State Electric &amp; Gas Corporation, Petro-Canada, TransCanada PipeLines Limited ... Esso Resources Canada Limited/Esso Resources Canada/ Transco Energy Marketing Company/CanStates Gas Marketing, Volume II, gas exports : </marc:subfield>
      <marc:subfield code="w">(CaOODSP)9.572380</marc:subfield>
    </marc:datafield>
    <marc:datafield tag="830" ind1="#" ind2="0">
      <marc:subfield code="a">Reasons for decision (Canada. National Energy Board)</marc:subfield>
      <marc:subfield code="x">1713-0638</marc:subfield>
      <marc:subfield code="w">(CaOODSP)9.514808</marc:subfield>
    </marc:datafield>
    <marc:datafield tag="986" ind1=" " ind2=" ">
      <marc:subfield code="a">GH-1-92, vol. 2</marc:subfield>
    </marc:datafield>
  </marc:record>
</marc:collection>
